000 00617nam a2200217Ia 4500
005 20250326144528.0
008 250326s9999 xx 000 0 und d
020 _a978-0-415-99782-9
037 _aTextbook
040 _aFMSL
_beng
_cFMSL
041 _aeng
_2eng
084 _aX:8 P9
_qFMSL
100 _aAfuah Allan
245 0 _aStrategic innovation : new game strategic for competitive advantage
_cAfuah Allan
260 _aLondon
_bLondon, Routledge
_c2009
300 _axviii,482
365 _b2744.3526000000002
650 _aManagement
942 _cTB
_hX:8 P9
999 _c1304057
_d1304057